000 005250000a22001810004500
020 _a84-7966-254-9
041 0 _aSPA
082 0 4 _aG 268.1 A6812v
100 1 _aArenas, Enrique
245 1 0 _aVida religiosa y economía : Administración y contabilidad en los institutos religiosos / Enrique Arenas, Fernando Torres
260 _a[S.L] : Claretiana
300 _a240 Pag
001 7800
942 _cBK
999 _c38005
_d38005
336 _atexto
_btxt
_2rdacontent
337 _2rdamedia
_asin mediación
_bn
338 _2rdacarrier
_avolumen
_bnc